00306nam a22001337a 4500003000400000020001800004082001800022100002200040245005000062250000800112260002000120300000800140650002400148SGT a9780323567428 a617.645bH20C aClark, Morris S.  aHandbook of Nitrous Oxide and Oxygen Sedation a5th bElsevier c2020 a242 aPediatric Dentistry